| 000 | 01533nam a22003377a 4500 | ||
|---|---|---|---|
| 003 | OSt | ||
| 005 | 20260204165153.0 | ||
| 007 | a | ||
| 008 | 260130b |||||||| |||| 00| 0 eng d | ||
| 020 | _a9781350228054 | ||
| 040 |
_aFoundation University _beng _cFoundation University _dFULib _erda |
||
| 050 |
_aHC 240 _b.2021 S75 |
||
| 100 |
_aStinsky, Daniel, _eauthor _914516 |
||
| 245 | 0 | 0 |
_aInternational cooperation in Cold War Europe : _bthe United Nations economic commission for Europe, 1974-64 / _cDaniel Stinsky. |
| 260 |
_aLondon ; _aNew York : _bBloomsbury Academic, _c2021. |
||
| 264 | _42021. | ||
| 300 |
_3resource _axi, 343 pages : _billustrations ; _c23 cm. _fvolume |
||
| 336 |
_2rdacontent _atext _btxt |
||
| 337 |
_2rdamedia _aunmediated _bn |
||
| 338 |
_2rdacarrier _3resource _avolume _bnc |
||
| 490 | _aHistories of internationalism. | ||
| 504 | _aIncludes bibliographical references and index. | ||
| 650 |
_2LC _aUnited Nations. Economic commission for Europe _vHistory _914517 |
||
| 650 |
_2LC _aEconomic development _vInternational cooperation _zEurope _914518 |
||
| 650 |
_2LC _aCold war _vEconomic aspect _914519 |
||
| 650 |
_2LC _aInternational economic relations _914520 |
||
| 651 |
_2LC _aEurope _vEconomic conditions _y1945. _914521 |
||
| 658 |
_aPolitical Science, Master of Arts in. _bEuropean Politics ; _cPOL334 |
||
| 856 |
_uhttps://drive.google.com/file/d/1Vo6k6IiM-cAmUmMUg_aXBgpUw3TEjg5_/view?usp=sharing _yClick here to view the table of content |
||
| 942 |
_2lcc _cBK _hHC 240 _i.2021 S75 _k(CAS-PS) _n0 |
||
| 999 |
_c5509 _d5509 |
||